000 00389cam a22001217a 4500
008 180718b1988 xxu||||| |||| 00| 0 eng d
082 _aA81x54 In2/81/6/PT10C/J
100 _aCensus of India 1981
245 _aHaryana: village survey report, Jatwar
260 _aDelhi
_bThe Controller of Publications
_c1988
300 _a50+p.
440 _aCensus of India 1981. Series-6, Haryana. Part X-C
999 _c482665
_d482665